Gemeenten van Friesland (2026) - Statistieken

Algemene statistieken
  • Deze quiz is 165 keer genomen
  • De gemiddelde score is 12 van 18
Antwoorden op de kaart
Antwoorden kleurgecodeerd door een groen-rode schaal op de quizkaart volgens % correct hieronder.
 
Antwoordstatistieken
Antwoord % Correct
Ameland
97%
Leeuwarden
97%
Schiermonnikoog
97%
Terschelling
97%
Vlieland
97%
Heerenveen
87%
Harlingen
85%
Súdwest-Fryslân
82%
De Fryske Marren
74%
Noardeast-Fryslân
69%
Weststellingwerf
49%
Dantumadiel
46%
Ooststellingwerf
46%
Tytsjerksteradiel
46%
Achtkarspelen
44%
Opsterland
41%
Smallingerland
41%
Waadhoeke
41%
Geen overeenkomende quizzen gevonden
Scoreverdeling
Procent van Mensen met Elke Score
Percentiel versus Aantal Correcte Antwoorden
Uw Scoregeschiedenis
U heeft deze quiz nog niet genomen